Bilecik Bilecik Bilecik Bilecik Bilecik

Bilgi ve kutsal/ (Record no. 57211)

MARC details
000 -BAŞLIK
Sabit Uzunluktaki Kontrol Alanı 01596nam a22003617a 4500
001 - KONTROL NUMARASI
Control Dosyası 0057406
003 - KONTROL NUMARASI KİMLİĞİ
Kontrol Alanı KOHA_MİRAKIL
005 - EN SON İŞLEM TARİHİ ve ZAMANI
Kontrol Alanı 20260207004120.0
007 - FİZİKSEL TANIM SABİT ALAN - GENEL BİLGİ
Sabit uzunluklu kontrol alanı ta
008 - SABİT UZUNLUKTAKİ VERİ ÖGELERİ - GENEL BİLGİ
Sabit Alan 160503b2001 tu |||gr||||#||||0|tur |
020 ## - ISBN - ULUSLARARASI STANDART KİTAP NUMARASI
Isbn 9753551606
040 ## - KATALOGLAMA KAYNAĞI
Özgün Kataloglama Kurumu TR-BiSEU
Kataloglama Dili tur
Çeviri Kurumu TR-BiSEU
Açıklama Kuralları rda
041 0# - DİL KODU
Metin ya da ses kaydının dil kodu tur
044 ## - YAYINLAYAN/ÜRETEN KURULUŞUN ÜLKE KODU
ISO country code tu
050 ## - SINIFLAMA ve YER NUMARASI
Sınıflama Numarası BL51
Yer Numarası .N37 2001
100 1# - KİŞİ ADI
Yazar Adı (Kişi adı) Nasr, Seyyid Hüseyin.
245 1# - ESER ADI BİLDİRİMİ
Başlık Bilgi ve kutsal/
Sorumluluk Bildirimi Seyyid Hüseyin Nasr ; Seyyid Hüseyin Nasr ; çeviren Yusuf Yazar.
250 ## - BASIM BİLDİRİMİ
Basım Bildirimi 3. Baskı
264 #1 - ÜRERİM, YAYIN, DAĞITIM ve TELİF BİLDİRİMİ
Yayın yeri İstanbul :
Yayınlayan İz Yayıncılık
Yayın tarihi 2001
300 ## - FİZİKSEL TANIMLAMA
Sayfa, Cilt vb. 350 sayfa; 20 cm.
336 ## - İÇERİK TÜRÜ
Content type term metin
Content type code txt
Source rdacontent
337 ## - MEDYA TÜRÜ
Media type term aracısız
Media type code n
Source rdamedia
338 ## - TAŞIYICI TÜRÜ
Carrier type term cilt
Carrier type code nc
Source rdacarrier
490 1# - DİZİ BİLDİRİMİ
Dizi Bildirimi İz yayıncılık ;
Cilt Numarası 270.
490 1# - DİZİ BİLDİRİMİ
Dizi Bildirimi İnceleme-Araştırma dizisi ;
Cilt Numarası 59
500 ## - GENEL NOT
Genel Not Özgün yapıt adı : Knowledge and the sacred Dizin var.
505 ## - İÇİNDEKİLER NOTU
İçindekiler Notu İÇİNDEKİLER
650 #0 - KONU BAŞLIĞI EK GİRİŞ - KONU TERİMİ
Konusal terim veya coğrafi ad Bilgi teorisi (Din).
9 (RLIN) 106359
650 #0 - KONU BAŞLIĞI EK GİRİŞ - KONU TERİMİ
Konusal terim veya coğrafi ad Knowledge, Theory of (Religion).
9 (RLIN) 106360
830 1# - SERİ EK GİRİŞİ - TEKBİÇİM ESER ADI
Tekbiçim Başlık İz yayıncılık ;
Volume number/sequential designation 270.
9 (RLIN) 8931
830 1# - SERİ EK GİRİŞİ - TEKBİÇİM ESER ADI
Tekbiçim Başlık İnceleme-Araştırma dizisi ;
Volume number/sequential designation 59
9 (RLIN) 17632
942 ## - EK GİRİŞ ÖGELERİ (KOHA)
Source of classification or shelving scheme Library of Congress Classification
Koha item type Book
505 ## - İÇİNDEKİLER NOTU
-- Önsöz 7
-- Bilgi ve Bilginin Desakralizasyonu 11
-- Gelenek Nedir? 75
-- Kutsalın Yeniden Keşfi: Geleneğin Dirilişi 103
-- Scientia Sacra yahut Kutsal Bilim 141
-- İnsan: Halife ve Prometeyen 171
-- Tecellî Olarak Kozmos 201
-- Ebediyet ve Geçici Düzen 233
-- Bilgi ve İnayetin Kaynağı Olarak Geleneksel Sanat 265
-- Aslî Bilgi ve Kutsal Biçimlerin Çokluğu 291
-- Kurtuluş Olarak Kutsalın Bilgisi 319
-- Karma indeks 343
Holdings
Materyal Türü Kalıcı Konum Mevcut Konum Raf Yeri Sınıflandırma Kaynağı Edinim Bilgisi Ana Konular Alt Konular Yer Numarası Demirbaş Numarası Fatura Tarihi Geri Çekilme Durumu Kayıp Durumu Hasarlı Durumu Kredi için değil Kayıt Tarih Toplam Ödünçverme Son Görülme Tarihi Son Kontrol Tarihi Genel / Bağış Notu
Book Prof. Dr. Azmi Özcan Kütüphanesi Prof. Dr. Azmi Özcan Kütüphanesi Uluğbey Salonu Library of Congress Classification Bağış FELSEFE, PSİKOLOJİ, DİN Dinler, Mitoloji, Rasyonalizm BL51 .N37 2001 0057406 02/02/2026         03/05/2016   05/12/2024 05/12/2024 Ankara Üniversitesi İlahiyat Fakültesi